| 000 | 00946nam a22002657a 4500 | ||
|---|---|---|---|
| 003 | DO-SdBNP | ||
| 005 | 20240530073925.0 | ||
| 007 | ta | ||
| 008 | 210906b2015 dr ||||| |||| 00| f spa d | ||
| 020 | _a9789945589610 | ||
| 040 |
_aDO-SdBNP _bspa _cBNPHU |
||
| 082 | 4 |
_aRD863.44 _bV443m, 2015 _222 |
|
| 100 | 1 |
_aVeloz Maggiolo, Marcio, _d1936-2021 _91104 |
|
| 245 | 1 | 3 |
_aLa mosca soldado / _cMarcio Veloz Maggiolo ; edición Ana Isabel Peñate Leiva. |
| 260 |
_aSanto Domingo : _bSantuario, _c2015. |
||
| 300 |
_a238 p. ; _c23 cm. |
||
| 500 | _aIncluye datos biográficos del autor en la solapa de la cubierta. | ||
| 586 | _aPremio de Narrativa José María Arguedas, Casa de las Américas -novela- | ||
| 590 | _aInventariado, 2021/ LP | ||
| 650 | 1 | 0 |
_aNovela dominicana _9223 |
| 650 | 1 | 0 |
_aLiteratura dominicana. _967 |
| 700 | 1 |
_aPeñate Leiva, Ana Isabel, _eed. _979754 |
|
| 910 | _aLP/Validado. Control de calidad MFF | ||
| 942 |
_2ddc _cLBS1 |
||
| 999 |
_c50421 _d50421 |
||